000 01175nam a2200337 i 4500
001 7886
003 ES-MaACL
005 20250824212750.0
007 t|
008 910517s1991 sp |||| | spa d
020 _a84-86094-71-2
080 _a62/69:338.1(091)
080 _a004(091)
080 _a338.12
100 1 _aHall, Peter Geoffrey (
_d1932-)
_9155444
245 1 3 _aLa ola portadora
_b: nuevas tecnologías de la información y geografía de las innovaciones, 1846-2003 /
_cPeter Hall, Paschal Preston ; prólogo de Aquilino Morcillo Crovetto.
260 _aMadrid :
_bFundesco,
_cD.L. 1991.
300 _a323 p. ;
_c24 cm.
490 1 _aLos libros de Fundesco ;
_v4
500 _aÍndice temático.
504 _aBibliografía: p. 307-318.
650 7 _aInnovaciones tecnológicas
_2embne
_913790
650 1 4 _aTecnología de la información-
_vHistoria.
_9155446
650 0 4 _aCiclos económicos.
_910923
700 1 _aPreston, Paschal.
_993796
700 1 _aMorcillo Crovetto, Aquilino.
_983187
710 1 _aFUNDESCO.
_94438
830 0 4 _aLos libros de Fundesco
_v4
_9227932
852 _aES-MaACL
_jL-15141
999 _c7886
_d7886